00618nam a22001817a 4500008004100000020001800041020001500059050002500074100002500099245001800124250003300142260004900175300007600224500006800300650002700368700002200395700001900417160927b xxu||||| |||| 00| 0 eng d a9780321699121 a0321699122 aQA 276.12 b.D4 2012 aDe veaux, Richard D. aIntro stats / a3rd ed., bTechnology update aBoston : bPearson Addison-Wesley,c ©2012. a767, [63] p. :b ill. (some color) ; c29 cm e+ 2 DVD-ROMs (4 3/4 in.) aRevised edition of: Intro stats. 3rd ed. c2009. Includes index. aStatisticsxtextbooks. aVelleman, Paul F. aBock, David E.